Países com Mais Lobos - Statistics

Estatísticas Gerais
  • Esse quiz foi jogado 3 833 vezes
  • A pontuação média é 8 de 15
Estatísticas das Respostas
Lobos País % Correto
< 18,000 Estados Unidos
97%
> 60,000 Canadá
96%
25,000 – 30,000 Rússia
96%
12,500 China
85%
10,000 – 20,000 Mongólia
61%
2,000 Ucrânia
56%
30,000 Cazaquistão
53%
2,500 Polônia
42%
1,500 – 2,000 Bielorrússia
41%
7,000 Turquia
35%
2,000 Uzbequistão
30%
2,500 Romênia
29%
2,000 – 3,000 Espanha
28%
3,000 Irã
26%
4,000 Quirguistão
25%
Nenhum quiz correspondente encontrado
Distribuição das Pontuações
Porcentagem de Pessoas com Cada Pontuação
Percentil de Números Respondidos
Sua Pontuação Histórica
Você não jogou esse quiz